00780nam a2200193 a 450000100100000000500170001000800410002702000180006804000250008610000360011124501320014726000910027930000280037070000310039870000260042904900090045595201050046499900170056900003388120200930070608.0110914s2009 br 000 0 spa d a9788576650249 aDO-SdBNPbspacBNPHU1 aBarreto, Limad1888-192295931610aO cemitério dos vivos :bmemorias ; /cLima Barreto ; organização e notas, Diogo de Hollanda ; prefácio, Fábio Lucas. aRio de Janeiro :bEdições Biblioteca Nacional :bEditora Planeta do Brasil,c2009. a239 p. :bil. ;c24 cm.1 aHollanda, Diogo de.9593171 aLucas, Fábio959318 aBNPD 001050718MOaGRbGRcCTd2011-09-14iLF1l0o p33881-10r2020-06-25w2020-06-25y1ZNo se presta c33372d33372